| 000 | 00868cam a2200277 4500 | ||
|---|---|---|---|
| 008 | 090401t1988 xxu||||| |||| 00| 0 eng d | ||
| 020 | _a0115508198 | ||
| 035 | _a(Sirsi) u68828 | ||
| 041 | _aeng | ||
| 050 | _a625.72 | ||
| 110 |
_aDepartment of Transport _91172 |
||
| 245 | _aLibrary of standard item descriptions for highway works. | ||
| 250 | _a3rd ed. | ||
| 260 |
_aLondon _bHMSO _c1988 |
||
| 300 | _a65p. ; 30cm. | ||
| 350 | _a5.3 | ||
| 650 | _aHIGHWAY WORKS | ||
| 650 | _aLIBRARY OF DESCRIPTIONS | ||
| 650 | _aPROPERTY-INFRASTRUCTURE-TRANSPORT INFRASTRUCTURE-ROAD INFRASTRUCTURE | ||
| 690 | _aTRANSPORT AND COMMUNICATIONS | ||
| 710 |
_aScotland _bScottish Development Department _91311 |
||
| 710 |
_aUnited Kingdom _bWelsh Office _91214 |
||
| 710 |
_aDepartment of the Environment for Northern Ireland _9175 |
||
| 942 | _n0 | ||
| 948 | _c04/03/1997 | ||
| 999 |
_c95137 _d95137 |
||